Методы синтеза, структура, химические свойства и реакционная способность дистирил- и диэтиниларенов и -гетаренов; Тезисы докладов всесоюзной конференции "Химия непредельных соединений", посвященной памяти А. М. Бутлерова (1828-1886), 15-18 сентября 1986 г.

Detalles Bibliográficos
Parent link:Тезисы докладов всесоюзной конференции "Химия непредельных соединений", посвященной памяти А. М. Бутлерова (1828-1886), 15-18 сентября 1986 г..— 1986
Otros Autores: Сарычева Т. А. Тамара Александровна, Реутова О. И., Савченко Т. И., Ковалева Л. Ф., Новиков А. Н., Филимонов В. Д. Виктор Дмитриевич
Lenguaje:ruso
Publicado: 1986
Materias:
Formato: MixedMaterials Capítulo de libro
KOHA link:https://koha.lib.tpu.ru/cgi-bin/koha/opac-detail.pl?biblionumber=183677

MARC

LEADER 00000naa2a2200000 4500
001 183677
005 20231220110827.0
035 |a (RuTPU)RU\TPU\book\199132 
090 |a 183677 
100 |a 20100818d1986 k y0rusy50 ca 
101 0 |a rus 
102 |a RU 
200 1 |a Методы синтеза, структура, химические свойства и реакционная способность дистирил- и диэтиниларенов и -гетаренов  |f Т. А. Сарычева [и др.] 
463 0 |0 (RuTPU)RU\TPU\book\199107  |t Тезисы докладов всесоюзной конференции "Химия непредельных соединений", посвященной памяти А. М. Бутлерова (1828-1886), 15-18 сентября 1986 г.  |h Ч. 1  |f под ред. Э. А. Ишваева  |d 1986 
610 1 |a труды учёных ТПУ 
701 1 |a Сарычева  |b Т. А.  |c химик  |c доцент Томского политехнического университета, кандидат химических наук  |f 1952-  |g Тамара Александровна  |3 (RuTPU)RU\TPU\pers\26139  |4 070 
701 1 |a Реутова  |b О. И. 
701 1 |a Савченко  |b Т. И. 
701 1 |a Ковалева  |b Л. Ф. 
701 1 |a Новиков  |b А. Н. 
701 1 |a Филимонов  |b В. Д.  |c химик  |c профессор Томского политехнического университета, доктор химических наук  |f 1945-  |g Виктор Дмитриевич  |3 (RuTPU)RU\TPU\pers\12908  |4 070  |9 3693 
801 1 |a RU  |b 63413507  |c 20100818 
801 2 |a RU  |b 63413507  |c 20131017  |g RCR 
942 |c BK